Trouve l'équipe de foot et l'année. - Statistiques

Statistiques générales
  • Ce quiz a été pris 270 fois
  • Le résultat moyen est 7 sur 10
Statistiques - réponses
Par images Réponse % Correct
Real Madrid 2018
98%
Barca 2015
90%
Allemagne 2014
84%
Chelsea 2021
77%
Man utd 2008
76%
France 2018
71%
Bayern 2020
68%
PSG 2020
60%
Inter 2023
47%
Brésil 2002
44%
Aucun quiz correspondant
Distribution des résultats
% des personnes avec chaque résultat
Percentile par nombre de réponses
Votre historique - résultats
Vous n’avez pas pris ce quiz